Fünf größte Einwanderergruppen nach Land #2 - Statistiken

Allgemein
  • Dieses Quiz wurde 95 mal gespielt
  • Das Durchschnittsergebnis liegt bei 20 aus 36
Antwortstatistiken
Dahin Von hier % Korrekt
Italien Deutschland
93%
Mexiko, Irland, Kanada Vereinigte Staaten
93%
Kanada, Irland, Neuseeland, Südafrika, Spanien Vereinigtes Königreich
85%
Kanada, Neuseeland China
84%
Schweden Syrien
81%
Argentinien Chile
80%
Neuseeland Australien
79%
Kanada, Neuseeland, Katar Indien
79%
Mexiko Spanien
78%
Italien, Spanien Marokko
74%
Argentinien Bolivien
70%
Argentinien Peru
70%
Argentinien Paraguay
68%
Schweden Irak
67%
Schweden Iran
67%
Mexiko, Spanien Kolumbien
65%
Irland, Schweden Polen
65%
Schweden Finnland
60%
Argentinien Italien
59%
Katar Ägypten
56%
Italien Ukraine
56%
Spanien Ecuador
49%
Katar Bangladesch
46%
Italien, Spanien Rumänien
46%
Südafrika Namibia
44%
Mexiko Guatemala
40%
Italien Albanien
37%
Südafrika Mosambik
37%
Kanada, Katar Philippinen
35%
Südafrika Simbabwe
33%
Südafrika Lesotho
28%
Mexiko Argentinien
20%
Neuseeland Südafrika
19%
Katar Nepal
16%
Irland Lettland
12%
Irland Litauen
12%
Keine übereinstimmenden Quizze gefunden
Verteilung der Resultate
Anzahl Personen mit jedem Resultat
Perzentil nach korrekt beantworteten Fragen
Ihre Resultats-Entwicklung
Sie haben dieses Quiz noch nicht gespielt